000 00327nam a2200133Ia 4500
005 20251222154419.0
008 251222s9999||||xx |||||||||||||| ||spa||
020 _a970-10-5504-7
082 _a611.8/A28
100 _a"Afifi, Adel KBergman, Ronald A."
245 0 _aNeuroanatomía funcional
250 _a2a.ed.
942 _cLIB
999 _c35977
_d35977